[Event "Oslo Open 2016"]
[Site "Fornebu NOR"]
[Date "2016.10.06"]
[Round "9.4"]
[White "Djurhuus, Rune"]
[Black "Hauge, Lars Oskar"]
[Result "1/2-1/2"]
[WhiteTitle "GM"]
[BlackTitle "IM"]
[WhiteElo "2413"]
[BlackElo "2385"]
[WhiteFideId "1500082"]
[BlackFideId "1509276"]
[EventDate "2016.09.30"]

1. e4 e6 2. d4 d5 3. e5 c5 4. c3 Nc6 5. Nf3 Bd7 6. Bd3 Qb6 7. dxc5 Bxc5 8. O-O
Qc7 9. b4 Bb6 10. Bf4 Nge7 11. a4 a6 12. Bg3 Ng6 13. Qe2 Qb8 14. Nbd2 Bc7 15.
Rfe1 O-O 16. Nb3 Qd8 17. Nc5 Bc8 18. Rad1 Qe7 19. Nb3 Bd7 20. h4 h6 21. h5 Nh8
22. Bc2 Qe8 23. Qd3 g6 24. Bf4 f5 25. Bxh6 Rf7 26. Ng5 Nxe5 27. Rxe5 Bxe5 28.
Nxf7 Nxf7 29. Bd2 gxh5 30. Nc5 Bg7 31. Re1 b6 32. Nxd7 Qxd7 33. Qe2 Ne5 34. Qxh5
Qf7 35. Qh3 Rc8 36. Qg3 Qf6 37. Bg5 Qg6 38. Rxe5 Bxe5 39. Qxe5 Qxg5 40. Qxe6+
Kg7 41. Qd7+ Kf6 42. Qd6+ Kg7 43. Qd7+ Kf6 44. Qxc8 Qc1+ 45. Kh2 Qh6+ 46. Kg3
Qg5+ 47. Kh3 Qh6+ 48. Kg3 Qg5+ 49. Kh2 Qh6+ 50. Kg1 Qc1+ 51. Kh2 1/2-1/2

[Event "Oslo Open 2016"]
[Site "Fornebu NOR"]
[Date "2016.10.06"]
[Round "9.5"]
[White "Abdumalik, Zhansaya"]
[Black "Hobber, Anders"]
[Result "1-0"]
[WhiteTitle "WGM"]
[BlackTitle "FM"]
[WhiteElo "2389"]
[BlackElo "2331"]
[WhiteFideId "13703544"]
[BlackFideId "1505424"]
[EventDate "2016.09.30"]

1. e4 g6 2. d4 Bg7 3. Nc3 c6 4. f4 d5 5. e5 Nh6 6. Nf3 Bg4 7. h3 Bxf3 8. Qxf3
O-O 9. g4 Qb6 10. Ne2 f6 11. e6 c5 12. dxc5 Qxc5 13. c3 Nc6 14. Be3 Qd6 15. Bg2
Rfd8 16. Rd1 Qxe6 17. f5 gxf5 18. Bxh6 Bxh6 19. Qxf5 Qe5 20. Bxd5+ Kg7 21. Qxe5
Nxe5 22. Nd4 Kh8 23. Be6 Rd6 24. Ke2 Rad8 1-0

[Event "Oslo Open 2016"]
[Site "Fornebu NOR"]
[Date "2016.10.06"]
[Round "9.6"]
[White "Devereaux, Maxim L"]
[Black "Hansen, Torbjorn Ringdal"]
[Result "0-1"]
[WhiteTitle "IM"]
[BlackTitle "GM"]
[WhiteElo "2374"]
[BlackElo "2457"]
[WhiteFideId "408280"]
[BlackFideId "1501720"]
[EventDate "2016.09.30"]

1. d4 Nf6 2. c4 g6 3. Nc3 Bg7 4. e4 d6 5. f3 O-O 6. Nge2 a6 7. Bg5 Nbd7 8. Qd2
c5 9. Rc1 Qa5 10. Nd5 Qxd2+ 11. Kxd2 Nxd5 12. cxd5 cxd4 13. Bxe7 Bh6+ 14. f4 Re8
15. Bxd6 Nf6 16. Ng3 g5 17. Kd3 gxf4 18. Rxc8 Raxc8 19. Nf5 Nxe4 20. Nxh6+ Kg7
21. Nf5+ Kf6 22. Kxd4 Nf2 23. Bd3 Nxd3 24. Kxd3 Kxf5 25. Rf1 Rcd8 26. Bxf4 Rxd5+
27. Kc4 Rb5 28. Be3+ Kg6 29. Bd4 Rf5 30. Rg1 Rf4 31. g3 b5+ 32. Kd3 Rf3+ 33. Kd2
Rf5 34. Kd3 Rd8 35. Ke3 Rfd5 36. Bc3 Re8+ 37. Kf3 Rf5+ 38. Kg4 b4 39. Bd2 Re2
40. Bf4 Rxb2 41. Rc1 Rxa2 42. Rc6+ f6 43. h4 h5+ 44. Kf3 b3 45. g4 hxg4+ 46.
Kxg4 Ra4 47. h5+ Rxh5 0-1

[Event "Oslo Open 2016"]
[Site "Fornebu NOR"]
[Date "2016.10.06"]
[Round "9.7"]
[White "Holleland, Sigve"]
[Black "Moiseenko, Alexander"]
[Result "0-1"]
[BlackTitle "GM"]
[WhiteElo "2052"]
[BlackElo "2648"]
[WhiteFideId "1513672"]
[BlackFideId "14102560"]
[EventDate "2016.09.30"]

1. d4 Nf6 2. c4 e6 3. g3 c5 4. d5 exd5 5. cxd5 d6 6. Nc3 g6 7. Nf3 Bg7 8. Bg2
O-O 9. O-O Re8 10. Bf4 Bf5 11. Nd2 Nh5 12. Be3 Nd7 13. h3 Nxg3 14. fxg3 Rxe3 15.
g4 Bd4 16. Rf2 Qh4 17. gxf5 Rxc3 18. bxc3 Qxf2+ 19. Kh1 Be5 20. Nf3 Bxc3 21. Rb1
Re8 22. Ng1 Qxf5 23. Rxb7 Nf6 24. Qa4 Bd4 25. Qxa7 Ne4 26. Re7 Nf2+ 0-1

[Event "Oslo Open 2016"]
[Site "Fornebu NOR"]
[Date "2016.10.06"]
[Round "9.8"]
[White "Welling, Gerard"]
[Black "Blomqvist, Erik"]
[Result "0-1"]
[WhiteTitle "IM"]
[BlackTitle "GM"]
[WhiteElo "2319"]
[BlackElo "2545"]
[WhiteFideId "1000446"]
[BlackFideId "1709437"]
[EventDate "2016.09.30"]

1. d4 d5 2. Bf4 Nf6 3. e3 e6 4. Nf3 Bd6 5. Bg3 O-O 6. Nbd2 c5 7. c3 Nc6 8. Bd3
b6 9. Qe2 Bb7 10. e4 Be7 11. e5 Nh5 12. a3 a5 13. a4 g6 14. O-O c4 15. Bc2 Ba6
16. h3 Nxg3 17. fxg3 Kg7 18. g4 Rb8 19. Qe3 h6 20. Rf2 b5 21. axb5 Bxb5 22. g3
f6 23. exf6+ Bxf6 24. h4 Qd6 25. Kg2 Bd8 26. Re1 Bc7 27. Nf1 Rbe8 28. g5 h5 29.
Ne5 Rxf2+ 30. Qxf2 Rf8 31. Qe2 Nxe5 32. dxe5 Qb6 33. Qe3 Bc6 34. Kh3 Qxb2 35.
Qc5 Qb6 36. Qe7+ Rf7 37. Qxe6 Bd7 0-1

[Event "Oslo Open 2016"]
[Site "Fornebu NOR"]
[Date "2016.10.06"]
[Round "9.9"]
[White "Arnaudov, G. Petar"]
[Black "Ronneland, Daniel"]
[Result "1-0"]
[WhiteTitle "GM"]
[WhiteElo "2474"]
[BlackElo "2192"]
[WhiteFideId "2907127"]
[BlackFideId "1702130"]
[EventDate "2016.09.30"]

1. d4 d5 2. c4 c6 3. Nf3 Nf6 4. Nc3 e6 5. g3 Be7 6. Bg2 O-O 7. O-O Nbd7 8. Qd3
b6 9. e4 Ba6 10. b3 dxc4 11. bxc4 e5 12. dxe5 Ng4 13. Bf4 g5 14. Bh3 h5 15. Bxg4
hxg4 16. Nxg5 Nxe5 17. Qc2 Qd3 18. Rfc1 Qxc2 19. Rxc2 Bxc4 20. Bxe5 Bxg5 21. Bd6
Rfe8 22. e5 Bd3 23. Rb2 Rad8 24. Rd1 Bf5 25. h3 gxh3 26. f4 Be7 27. Bxe7 Rxd1+
28. Nxd1 Rxe7 29. Ne3 Be4 30. Rd2 c5 31. Ng4 Kg7 32. Nf6 Bh7 33. Rd8 Re6 34. Rc8
Rxf6 35. exf6+ Kxf6 36. Rc7 Bd3 37. Kh2 c4 38. Kxh3 Ke6 39. Kg2 Kd6 40. Rc8 Kd7
41. Rh8 c3 42. Kf2 c2 43. Rh1 f5 44. Ke3 Be4 45. Rc1 Ke6 46. g4 Kf6 47. g5+ Kg6
48. Kd2 b5 49. a3 a5 50. Rg1 b4 51. axb4 axb4 52. Rg3 Kh5 53. g6 Bd5 54. g7 Bg8
55. Kxc2 Kh6 56. Rg1 Kh7 57. Kd2 Be6 58. Kd3 b3 59. Kd4 b2 60. Ke5 Ba2 61. Kf6
b1=Q 62. g8=Q+ Bxg8 63. Rxb1 Bc4 64. Rb7+ Kg8 65. Kxf5 Bd3+ 66. Kf6 Be4 67. Re7
Bd5 68. Rg7+ Kf8 69. Rd7 Bc6 70. Rd8+ Be8 71. f5 1-0

[Event "Oslo Open 2016"]
[Site "Fornebu NOR"]
[Date "2016.10.06"]
[Round "9.10"]
[White "Bracker, Frank"]
[Black "Sousa, Ludy Helsio Paulo"]
[Result "1-0"]
[WhiteTitle "IM"]
[WhiteElo "2427"]
[BlackElo "2174"]
[WhiteFideId "24614343"]
[BlackFideId "1504134"]
[EventDate "2016.09.30"]

1. e4 c5 2. Nf3 a6 3. c4 Nc6 4. d4 cxd4 5. Nxd4 e5 6. Nf5 d6 7. Nc3 g6 8. Ne3
Bg7 9. Bd3 Nf6 10. Ned5 Nxd5 11. Nxd5 O-O 12. Be3 Be6 13. Qd2 Rc8 14. O-O Ne7
15. Rac1 Bxd5 16. cxd5 Rxc1 17. Rxc1 Qd7 18. b4 Rc8 19. Rb1 f5 20. f3 Kf7 21. b5
axb5 22. Bb6 Ng8 23. Bxb5 Qe7 24. Be3 fxe4 25. fxe4 Nf6 26. Qd3 Ng4 27. Bd2 Qh4
28. Qf3+ Kg8 29. h3 Nf6 30. Bd3 Rf8 31. Qe3 Rf7 32. Qg5 Qxg5 33. Bxg5 Rc7 34.
Rb6 Rd7 35. a4 h6 36. Bd2 Bf8 37. Kf2 Rc7 38. Rb2 Nd7 39. Ke2 Nc5 40. a5 Nxd3
41. Kxd3 Kf7 42. Be3 h5 43. Bb6 Rc1 44. Ba7 Rc7 45. Bb8 Rd7 46. Kc4 Ke8 47. Kb5
Rf7 48. Kb6 Kd8 49. Rc2 Bh6 50. Bc7+ Kd7 51. Kxb7 Rf1 52. Bb6 Rb1 53. Rc7+ Ke8
54. a6 Be3 55. Rc6 Kd7 56. a7 Bxb6 57. Rxb6 1-0

[Event "Oslo Open 2016"]
[Site "Fornebu NOR"]
[Date "2016.10.06"]
[Round "9.11"]
[White "Kaasen, Tor Fredrik"]
[Black "Mihajlov, Sebastian"]
[Result "1-0"]
[BlackTitle "FM"]
[WhiteElo "1927"]
[BlackElo "2356"]
[WhiteFideId "1516647"]
[BlackFideId "1512110"]
[EventDate "2016.09.30"]

1. d4 Nf6 2. c4 g6 3. Nc3 Bg7 4. e4 d6 5. Nf3 O-O 6. Be2 e5 7. O-O Nc6 8. d5 Ne7
9. Ne1 Nd7 10. Be3 f5 11. f3 f4 12. Bf2 g5 13. Rc1 Rf6 14. Nd3 Rh6 15. c5 a6 16.
Qa4 Qe8 17. Kh1 Qh5 18. Bg1 dxc5 19. Nf2 Nf6 20. b4 cxb4 21. Qxb4 Bf8 22. Ng4
Nf5 23. Nxh6+ Qxh6 24. Bc5 Ng3+ 25. Kg1 Nxf1 26. Bxf1 b6 27. Bxf8 Qxf8 28. Qb3
Qd6 29. Na4 Bd7 30. Nb2 Ra7 31. Kh1 Nh5 32. Bd3 b5 33. Qc3 Kf7 34. Be2 Qh6 35.
Kg1 Qb6+ 36. Kf1 Qd4 37. Qxd4 exd4 38. Nd3 Ke7 39. e5 Ng7 40. g4 fxg3 41. hxg3
Nf5 42. Kf2 Ne3 43. Rh1 Bf5 44. Nb4 Kd7 45. Nc6 Nxd5 46. Nxa7 d3 47. Bd1 c5 48.
a4 c4 49. axb5 axb5 50. Nxb5 Ke6 51. Re1 Bg6 52. Nd4+ Ke7 53. f4 gxf4 54. Bf3
fxg3+ 55. Kxg3 d2 56. Ra1 Nb4 57. Ra7+ Ke8 58. Rb7 Be4 59. Bh5+ Bg6 60. Bd1 1-0

[Event "Oslo Open 2016"]
[Site "Fornebu NOR"]
[Date "2016.10.06"]
[Round "9.12"]
[White "Nesheim, Mathias"]
[Black "Arvola, Benjamin"]
[Result "0-1"]
[BlackTitle "FM"]
[WhiteElo "1872"]
[BlackElo "2346"]
[WhiteFideId "1520296"]
[BlackFideId "1506536"]
[EventDate "2016.09.30"]

1. d4 Nf6 2. Bf4 e6 3. e3 c5 4. c3 b6 5. Nf3 Be7 6. h3 O-O 7. Bd3 d6 8. O-O Ba6
9. Bxa6 Nxa6 10. a4 cxd4 11. exd4 Nc7 12. Nbd2 Ncd5 13. Bh2 Qd7 14. Re1 Rfc8 15.
Qe2 h6 16. Ne4 Nxe4 17. Qxe4 a6 18. Nd2 Bg5 19. f4 Bh4 20. Re2 Ne7 21. g4 Bf6
22. Nf3 g6 23. Rf1 Qc6 24. Qd3 Re8 25. h4 Bg7 26. Nd2 Kh8 27. Ne4 f5 28. Nd2
fxg4 29. Rxe6 Nf5 30. Rxg6 Qd5 31. Rxg4 Rg8 32. Qf3 Bxd4+ 33. cxd4 Rxg4+ 34. Kf2
Qxd4+ 35. Ke1 Re8+ 36. Kd1 Ne3+ 37. Kc1 Qd3 0-1

[Event "Oslo Open 2016"]
[Site "Fornebu NOR"]
[Date "2016.10.06"]
[Round "9.13"]
[White "Haugli, Petter"]
[Black "Vestby-Ellingsen, Mads"]
[Result "1-0"]
[WhiteTitle "IM"]
[WhiteElo "2257"]
[BlackElo "2084"]
[WhiteFideId "1500104"]
[BlackFideId "1520857"]
[EventDate "2016.09.30"]

1. d4 d5 2. c4 c6 3. cxd5 cxd5 4. Bf4 Nc6 5. e3 Nf6 6. Nc3 Bf5 7. Qb3 Qb6 8.
Qxb6 axb6 9. Bb5 e6 10. Nf3 Nd7 11. Nh4 Bg4 12. h3 Bh5 13. g4 Bg6 14. Nxg6 hxg6
15. Rc1 Be7 16. Kf1 f6 17. Kg2 Kf7 18. a3 Rhc8 19. h4 Bd8 20. Bd3 Nf8 21. Nb5
Be7 22. Rc3 e5 23. dxe5 fxe5 24. Bg3 Ne6 25. h5 g5 26. Rhc1 Kf6 27. b4 Rd8 28.
Bf5 Rac8 29. R3c2 Bf8 30. f4 Rb8 31. Rxc6 bxc6 32. Rxc6 exf4 33. exf4 d4 34.
fxg5+ 1-0

[Event "Oslo Open 2016"]
[Site "Fornebu NOR"]
[Date "2016.10.06"]
[Round "9.14"]
[White "Stray, Gunnar"]
[Black "Tryggestad, Andreas Garberg"]
[Result "0-1"]
[WhiteElo "2066"]
[BlackElo "2224"]
[WhiteFideId "1501631"]
[BlackFideId "1513338"]
[EventDate "2016.09.30"]

1. d4 Nf6 2. Nf3 d5 3. e3 g6 4. c4 Bg7 5. Nc3 O-O 6. cxd5 Nxd5 7. Bc4 Nxc3 8.
bxc3 c5 9. O-O Nc6 10. h3 Qa5 11. Bd2 a6 12. a4 Bf5 13. Qb3 Qc7 14. Qa2 e5 15.
g4 Bc8 16. d5 Na5 17. e4 Kh8 18. Nh2 f5 19. f3 f4 20. Rfd1 Bd7 21. Bd3 c4 0-1

[Event "Oslo Open 2016"]
[Site "Fornebu NOR"]
[Date "2016.10.06"]
[Round "9.15"]
[White "Store, Trond"]
[Black "Sahl, Sheila Barth"]
[Result "1-0"]
[BlackTitle "WIM"]
[WhiteElo "2049"]
[BlackElo "2181"]
[WhiteFideId "1515772"]
[BlackFideId "1500953"]
[EventDate "2016.09.30"]

1. d4 d5 2. c4 c6 3. Nf3 Nf6 4. e3 a6 5. Bd3 dxc4 6. Bxc4 b5 7. Bd3 e6 8. O-O c5
9. b3 cxd4 10. Nxd4 Bb7 11. Bb2 Nbd7 12. Nd2 Nc5 13. Be2 e5 14. N4f3 e4 15. Nd4
Qd7 16. a4 b4 17. Nc4 Rd8 18. Qc2 Be7 19. Rfd1 O-O 20. Na5 Bd5 21. Ndc6 Nd3 22.
Nxd8 Rxd8 23. Nc4 Qc7 24. Bd4 Bd6 25. g3 Qc8 26. Rxd3 exd3 27. Bxd3 Be7 28. Bxf6
Bxf6 29. Bxh7+ Kh8 30. Bf5 Qc6 31. Rd1 g6 32. Bd3 Bh1 33. Bf1 Rxd1 34. Qxd1 Bf3
35. Qd6 Qxd6 36. Nxd6 Bd5 37. Bc4 Bxc4 38. Nxc4 Kg8 39. f4 Kf8 40. Kf2 Ke7 41.
Kf3 Bc3 42. Ke4 Ke6 43. h3 f5+ 44. Kd3 Kd5 45. g4 Ke6 46. Nd2 g5 47. fxg5 fxg4
48. hxg4 Kd5 49. Nf3 Ke6 50. Kc4 Kd6 51. Nd4 Ke7 52. Nc6+ Kf7 53. Nxb4 Bd2 54.
e4 a5 55. Nc6 Bxg5 56. Nxa5 Ke6 57. Nb7 Ke5 58. Nc5 1-0

[Event "Oslo Open 2016"]
[Site "Fornebu NOR"]
[Date "2016.10.06"]
[Round "9.17"]
[White "Haugsrud, Hakon"]
[Black "Ranaldi, Lucas"]
[Result "0-1"]
[WhiteElo "1969"]
[BlackElo "2176"]
[WhiteFideId "1503588"]
[BlackFideId "1519484"]
[EventDate "2016.09.30"]

1. e4 c5 2. c3 Nf6 3. e5 Nd5 4. d4 cxd4 5. Nf3 e6 6. cxd4 d6 7. Bc4 Be7 8. O-O
O-O 9. Qe2 b6 10. Bd2 Bb7 11. Nc3 Nxc3 12. Bxc3 Nd7 13. Rac1 Qb8 14. Rfe1 dxe5
15. Nxe5 Nxe5 16. dxe5 Rd8 17. Red1 Qc7 18. Bd3 Rac8 19. Qh5 g6 20. Qg4 Qb8 21.
f4 Kh8 22. h4 h5 23. Qe2 Kg7 24. f5 gxf5 25. Bxf5 exf5 26. e6+ Rxc3 27. Qxh5
fxe6 28. bxc3 Qg3 29. Qe2 Rxd1+ 30. Rxd1 Bc5+ 31. Kf1 Ba6 0-1

[Event "Oslo Open 2016"]
[Site "Fornebu NOR"]
[Date "2016.10.06"]
[Round "9.18"]
[White "Dahl, Trygve"]
[Black "Byrne, Alex"]
[Result "1-0"]
[WhiteElo "2167"]
[BlackElo "1955"]
[WhiteFideId "1513427"]
[BlackFideId "2508788"]
[EventDate "2016.09.30"]

1. e4 e6 2. d4 d5 3. Nc3 Bb4 4. exd5 exd5 5. Bd3 Nf6 6. Ne2 O-O 7. O-O Nc6 8. a3
Bxc3 9. bxc3 Re8 10. Ng3 Bg4 11. f3 Be6 12. Rb1 b6 13. Bb5 Bd7 14. Bg5 h6 15.
Bf4 Ne7 16. Bd3 Ng6 17. Bxg6 fxg6 18. Qd3 g5 19. Be5 Be6 20. Rbe1 Nd7 21. Bxg7
Bf7 22. Rxe8+ Bxe8 23. Bxh6 Qf6 24. Nf5 Bg6 25. Ne7+ Kh7 26. Nxg6 Qxg6 27. Bxg5
Re8 28. Kf2 c5 29. Re1 Rxe1 30. Kxe1 Qxd3 31. cxd3 cxd4 32. cxd4 Kg6 33. h4 Nf8
34. g4 Ne6 35. Be3 a5 36. Kd2 Nc7 37. Kc3 Nb5+ 38. Kb3 Na7 39. Bf4 b5 40. Be5
Nc6 41. f4 a4+ 42. Kc3 b4+ 43. axb4 a3 44. b5 Na5 45. b6 1-0

[Event "Oslo Open 2016"]
[Site "Fornebu NOR"]
[Date "2016.10.06"]
[Round "9.19"]
[White "Djurhuus, Eivind X"]
[Black "Lindbol, Aleksander"]
[Result "1-0"]
[WhiteElo "2127"]
[BlackElo "1855"]
[WhiteFideId "1515721"]
[BlackFideId "1520644"]
[EventDate "2016.09.30"]

1. e4 c6 2. d4 d5 3. e5 Bf5 4. Nf3 e6 5. Be2 Nd7 6. O-O Ne7 7. Nbd2 c5 8. c4
cxd4 9. Nxd4 Nxe5 10. cxd5 Qxd5 11. Qa4+ N7c6 12. Nxf5 exf5 13. Nf3 Be7 14. Bf4
O-O 15. Nxe5 Nxe5 16. Rad1 Qe6 17. Rfe1 Bf6 18. b3 Rad8 19. Qxa7 Ng6 20. Bc4
Rxd1 21. Rxd1 Qe4 22. Be3 f4 23. Bc5 Nh4 24. Bf1 Rc8 25. b4 Be5 26. Qb6 g6 27.
Rd8+ 1-0

[Event "Oslo Open 2016"]
[Site "Fornebu NOR"]
[Date "2016.10.06"]
[Round "9.20"]
[White "Nordquelle, Daniel"]
[Black "Lillevold, Frode"]
[Result "0-1"]
[WhiteElo "2013"]
[BlackElo "2103"]
[WhiteFideId "1519042"]
[BlackFideId "1502913"]
[EventDate "2016.09.30"]

1. e4 e5 2. Nf3 Nc6 3. Bc4 Nf6 4. Ng5 d5 5. exd5 Na5 6. Bb5+ c6 7. dxc6 bxc6 8.
Qf3 Be7 9. Bxc6+ Nxc6 10. Qxc6+ Bd7 11. Qc4 O-O 12. Nc3 Rc8 13. Qe2 Ng4 14. Nh3
f5 15. O-O Bc5 16. Kh1 Qh4 17. d3 f4 18. f3 Nxh2 19. Qe1 Nxf3 20. Qxh4 Nxh4 21.
Kh2 Nf5 22. Ne4 Bb6 23. c4 Ng3 24. Re1 Nxe4 25. Rxe4 Rce8 26. b4 Bd4 27. Rxd4
exd4 28. Nxf4 Re1 29. g3 g5 30. Ng2 Rf2 31. Bb2 Ree2 0-1

[Event "Oslo Open 2016"]
[Site "Fornebu NOR"]
[Date "2016.10.06"]
[Round "9.21"]
[White "Lund, Terje"]
[Black "Ali, Karim"]
[Result "1-0"]
[WhiteElo "2103"]
[BlackElo "1825"]
[WhiteFideId "1504754"]
[BlackFideId "1509047"]
[EventDate "2016.09.30"]

1. Nf3 e6 2. d4 f5 3. g3 Nf6 4. Bg2 Be7 5. O-O d6 6. c4 O-O 7. Nc3 Ne4 8. Nxe4
fxe4 9. Ne1 d5 10. f3 Nc6 11. fxe4 Rxf1+ 12. Bxf1 dxe4 13. e3 e5 14. d5 Bf5 15.
Qb3 Nb8 16. Qxb7 Nd7 17. Qb3 Qe8 18. Qd1 Nf6 19. a3 Bg4 20. Qc2 Qh5 21. Qg2 Rf8
22. b4 Qg6 23. Be2 Bd7 24. Bb2 Qg5 25. Nc2 Ng4 26. Rf1 Rxf1+ 27. Bxf1 Nxe3 28.
Nxe3 Qxe3+ 29. Qf2 Qb3 30. Bc1 Qd1 31. Qd2 Qg4 32. Qe2 Qg6 33. Bg2 Bf5 34. Be3
h5 35. Bxa7 Qa6 36. Bf2 Qxa3 37. Bxe4 Bg4 38. Qd3 Qxb4 39. Kg2 Qb2 40. Qe3 Bb4
41. h3 Bd1 42. Qg5 Bc5 43. Qd8+ Bf8 44. Qxc7 Qe2 45. Bg6 Qf3+ 46. Kg1 Bb3 47.
Qc8 Bd1 48. Qe6+ Kh8 49. Qf7 Qxf7 50. Bxf7 Bb3 51. c5 Be7 52. Be3 Bd8 53. Kf2 g5
54. Kf3 Kg7 55. Be6 Kf6 56. c6 Bd1+ 57. Kf2 Bc7 58. Bc5 Ba4 59. Bd7 Ba5 60. d6
Bc3 61. Be8 Bd4+ 62. Bxd4 exd4 63. c7 1-0

[Event "Oslo Open 2016"]
[Site "Fornebu NOR"]
[Date "2016.10.06"]
[Round "9.22"]
[White "Harstad, Christian"]
[Black "Rishovd, Svein"]
[Result "0-1"]
[WhiteElo "1962"]
[BlackElo "2101"]
[WhiteFideId "1504045"]
[BlackFideId "1513060"]
[EventDate "2016.09.30"]

1. d4 d5 2. c4 dxc4 3. e4 Nf6 4. e5 Nd5 5. Bxc4 Nb6 6. Bb5+ Bd7 7. Bxd7+ Qxd7 8.
Nf3 e6 9. Be3 Nc6 10. a3 Be7 11. Nc3 h6 12. Qc2 O-O-O 13. O-O f5 14. exf6 gxf6
15. Rfd1 Nd5 16. Rac1 Rdg8 17. b4 Bd6 18. b5 Qg7 19. Ne1 Nce7 20. a4 Qg4 21. Qe4
h5 22. Nxd5 0-1

[Event "Oslo Open 2016"]
[Site "Fornebu NOR"]
[Date "2016.10.06"]
[Round "9.23"]
[White "Gronn, Eskil Ekeland"]
[Black "Derakhshani, Dorsa"]
[Result "0-1"]
[BlackTitle "WIM"]
[WhiteElo "1958"]
[BlackElo "2405"]
[WhiteFideId "1507010"]
[BlackFideId "12500330"]
[EventDate "2016.09.30"]

1. d4 Nf6 2. Nf3 e6 3. Bf4 c5 4. e3 Nc6 5. Be2 d5 6. O-O Bd6 7. Bg3 O-O 8. Ne5
Ne7 9. Ng4 Ne8 10. Nd2 b6 11. Nf3 Nf5 12. Bxd6 Nexd6 13. Nge5 Bb7 14. c3 Qe7 15.
h3 f6 16. Ng4 h5 17. Ngh2 e5 18. Re1 Rac8 19. Nf1 Rc7 20. Qb3 Kh8 21. Rad1 g5
22. dxe5 fxe5 23. c4 d4 24. N3d2 Qf6 25. f3 g4 26. e4 Nh4 27. hxg4 hxg4 28. Ng3
gxf3 29. Bxf3 Qg5 30. Ndf1 b5 31. cxb5 c4 32. Qc2 Nxf3+ 33. gxf3 Rxf3 34. Rd2
Rxg3+ 35. Nxg3 Qxg3+ 36. Kf1 Rh7 37. Qb1 Rh1+ 38. Ke2 d3+ 39. Rxd3 cxd3+ 0-1

[Event "Oslo Open 2016"]
[Site "Fornebu NOR"]
[Date "2016.10.06"]
[Round "9.24"]
[White "Berntsen-Oybo, August"]
[Black "Kovachev, Daniel Jakobsen"]
[Result "0-1"]
[BlackTitle "FM"]
[WhiteElo "1936"]
[BlackElo "2329"]
[WhiteFideId "1520555"]
[BlackFideId "1503448"]
[EventDate "2016.09.30"]

1. d4 Nf6 2. Nf3 e6 3. Bg5 h6 4. Bxf6 Qxf6 5. e4 d5 6. Bd3 dxe4 7. Bxe4 g6 8. c3
Bg7 9. Qa4+ c6 10. Nbd2 O-O 11. O-O Nd7 12. Rfe1 e5 13. dxe5 Nxe5 14. Nxe5 Qxe5
15. Nf3 Qc7 16. Rad1 Bf6 17. Nd4 Bg4 18. f3 Bd7 19. Qc4 Kg7 20. Kh1 a6 21. b4
Rad8 22. a4 Bc8 23. a5 Rd6 24. Rd3 Rfd8 25. Red1 Be5 26. g3 f5 27. Qc5 Bxd4 28.
Rxd4 Rxd4 29. Rxd4 fxe4 30. Rxe4 Qd6 31. Re7+ Kf6 32. Qxd6+ Rxd6 33. Rc7 Bh3 34.
Kg1 Rd7 0-1

[Event "Oslo Open 2016"]
[Site "Fornebu NOR"]
[Date "2016.10.06"]
[Round "9.26"]
[White "Budzyn, Marcus"]
[Black "Rebers, Eugene"]
[Result "0-1"]
[BlackTitle "FM"]
[WhiteElo "1954"]
[BlackElo "2156"]
[WhiteFideId "16201639"]
[BlackFideId "1007556"]
[EventDate "2016.09.30"]

1. e4 c5 2. b3 d6 3. Nf3 Nf6 4. d3 Nc6 5. Bb2 g6 6. Be2 Bg7 7. O-O O-O 8. a4 e5
9. Nc3 Nd4 10. Nxd4 cxd4 11. Nb1 b6 12. Nd2 Bb7 13. c3 dxc3 14. Bxc3 Re8 15. Bf3
d5 16. Re1 d4 17. Bb2 Ba6 18. Qe2 Bf8 19. Rec1 Nd7 20. Nc4 Nc5 21. Qd1 Bh6 22.
Rcb1 Bxc4 23. bxc4 a5 24. Ba3 Na6 25. Rb5 Bf8 26. Bxf8 Kxf8 27. Rab1 Re6 28. Bg4
Rf6 29. Rxe5 Nb4 30. Qd2 Kg7 31. f4 Qc7 32. g3 Rd6 33. Rb5 Rc6 34. Rf1 Rc5 35.
f5 f6 36. fxg6 hxg6 37. Qf2 Qd6 38. Rxc5 bxc5 39. Qd2 Rb8 40. Rb1 Re8 41. Rf1
Re5 42. Kg2 Qe7 43. Rf4 Qe8 44. Bd1 Re7 45. Rf2 Rb7 46. Qf4 Qe7 47. Qd2 Nc6 48.
Qc1 Ne5 49. Rd2 Rb4 50. Qa3 Qb7 51. h3 Qb6 52. Kf2 Rb1 53. Kg2 Kf7 54. Kf2 Ke7
55. Kg2 Qb4 56. Qa2 Ra1 57. Qc2 Rxa4 58. Rf2 Ra3 59. Be2 Rb3 60. Qc1 g5 61. h4
Rb1 62. Qc2 gxh4 63. gxh4 a4 64. h5 Nf7 65. Bg4 Qe1 66. Kg3 Qg1+ 67. Rg2 Qe3+
68. Kh2 Qf4+ 69. Rg3 Rf1 70. Qxa4 Rf2+ 71. Kh3 Ng5+ 72. Kh4 Rh2+ 73. Rh3 Rxh3# 0-1